Presupuestos : Planificación y Control.
| Main Authors: | , , |
|---|---|
| Format: | Section = Libro |
| Language: | Undetermined Spanish |
| Published: |
México
Pearson Educación
2005
|
| Edition: | 6a.ed |
| Subjects: |
| LEADER | 00603nam a2200229Ia 4500 | ||
|---|---|---|---|
| 008 | 240830s9999 xx 000 0 und d | ||
| 020 | |a 970-26-0551-2 | ||
| 040 | |a B-ESTELÍ- RUACS / 658.154 W458 | ||
| 041 | |a spa | ||
| 082 | |a 658.154 W458 | ||
| 100 | 1 | |a Welsch, Glenn A. | |
| 100 | 1 | |b Hilton, Ronald W. | |
| 100 | 1 | |c Gordon, Paul N. | |
| 245 | 1 | 0 | |a Presupuestos : Planificación y Control. |
| 250 | |a 6a.ed | ||
| 260 | |a México |b Pearson Educación |c 2005 | ||
| 300 | |a 473 p:il | ||
| 650 | 7 | |a PRESUPUESTOS | |
| 650 | 7 | |b PLANIFICACION Y CONTROL | |
| 942 | |c BK |2 ddc | ||
| 991 | |a TEXTO | ||
| 999 | |c 11451 | ||